000 00598cam a22002173a 4500
001 37626
003 PGUSA
005 20140828083826.0
008 111004s2011||||xxu|||||s|||||000 | eng d
040 _aPGUSA
_beng
042 _adc
100 1 _aTanizaki, Jun'ichiro,
_d1886-1965
245 1 0 _a續惡魔
_h[electronic resource] /
_cJun'ichiro Tanizaki
260 _bProject Gutenberg,
_c2011
506 _aPublic domain in the USA.
516 _aElectronic text
740 0 _aZoku-Akuma
830 0 _aProject Gutenberg
_v37626
856 4 0 _uhttp://www.gutenberg.org/ebooks/37626
942 _cEB
999 _c266880
_d266880